000 01051cab a22002415a 4500
001 L143593
008 080520e20080517xxk f 000 0 eng d
035 _a(Sirsi) u143593
041 0 _aeng
100 1 _aHarris, David
245 0 0 _aEG
_boffices
260 _c2008
490 _aEstates Gazette
_v(0819) 17 May 2008, 93-111(14)
520 _aConsiders the effect of the financial crisis on regional cities as compared to the capital. Argues that for many letting companies, the key will be their strategy for making the most of space and dealing effectively with empty space. Reports that a proposed review of the planning system is generating little interest among jaded property companies. Presents a roundup of property professionals' tips for beating the economic downturn.
590 _aKA
650 2 4 _aPLANNING (SCOTLAND) ACT 2006
651 4 _aUnited Kingdom
_y
690 _aPROPERTY-COMMERCIAL PROPERTY-OFFICE PROPERTY
700 1 _aRussell, Jonathan
700 1 _aNorman, Paul
700 1 _aKivlehan, Noella Pio
942 _n0
999 _c80241
_d80241